Vista normal
Vista MARC
Entrada Topical Term
Número de registros utilizados en: 1
001 - CONTROL NUMBER
- control field: 39513
003 - CONTROL NUMBER IDENTIFIER
- control field: OSt
005 - DATE AND TIME OF LATEST TRANSACTION
- control field: 20210819154505.0
008 - FIXED-LENGTH DATA ELEMENTS
- fixed length control field: 210819|| aca||aabn | a|a d
040 ## - CATALOGING SOURCE
- Original cataloging agency: OSt
- Transcribing agency: OSt
150 ## - HEADING--TOPICAL TERM
- Topical term or geographic name entry element: Ahorro y vivienda
670 ## - SOURCE DATA FOUND
- Source citation: Work cat.: (OSt)12222: Cabrera Galvis, Mauricio, autor 2569, Sistema financiero y políticas antiinflacionarias 1974 - 1980 /, 1980.